000 00706nam a2200253Ia 4500
003 OSt
005 20220925213958.0
006 a|||||r|||| 00| 0
007 ta
008 220923b |||||||| |||| 00| 0 eng d
020 _a0709917236
037 _cGeneral Book
040 _aRTL
_cRTL
_beng
041 _2eng
_aeng
082 _aY:433, L5;M2
100 _aMarsden Dennis
245 0 _aWorkless
_b An exploration of the social contract between society and the worker
250 _aEd 2
260 _aLondon
_bCroom Helm
_c1982
300 _a275p
_ccm.
650 _aAlcoholism
_9247596
942 _hY:433, L5;M2
_cGB
_2CC
999 _c564195
_d564195